00457nam a2200169 a 450000100060000000300090000600800410001502000150005604000280007108200190009910000250011824500460014326000520018930000110024150000190025265000160027116922CO-ViMGA141112s2004 ck r 000 u spa d a8433014528 aCO-ViMGAbspacCO-ViMGA04a152.1824 B375h1 aBermejo, Jose Carlos10aHumanizar en encuentro con el sufrimiento aBilbao (España), cDesclee de Brouwer, c1999 a140.p. aSerendipity. 14aSUFRIMIENTO